Memoria y esperanza de la liturgia: a 50 años de la Sacrosanctum Concilium

Saved in:
Bibliografiske detaljer
Institution som forfatter: Conferencia Episcopal de Chile (Author)
Format: Bog
Sprog:spansk
Udgivet: Santiago Conferencia Episcopal de Chile 2014
Udgivelse:1a. ed
Serier:Pastoral Litúrgica, 13
Fag:
Tags: Tilføj Tag
Ingen Tags, Vær først til at tagge denne postø!

MARC

LEADER 00000cam a2200000 a 4500
001 UCE4787
003 CL-VaPUC
008 141113e20140300cl |||||||||||||||||spa|d
082 0 4 |a 264  |b CON  |2 21 
110 2 |a Conferencia Episcopal de Chile  |e author  |9 577279 
245 1 0 |a Memoria y esperanza de la liturgia: a 50 años de la Sacrosanctum Concilium 
250 |a 1a. ed 
300 |a 133 p 
942 |c BK 
945 |d 20141113 14:00:00  |a dcastane 
260 |a Santiago  |b Conferencia Episcopal de Chile  |c 2014 
650 7 |a LITURGIA  |2 CL-VaPUC  |9 577280 
650 0 |a Liturgia católica  |9 516111 
650 0 |a Ritos sagrados  |9 389594 
583 |a last modification  |c 20141113 14:00:00  |k Rodrigo Vera 
490 0 |a Pastoral Litúrgica, 13 
999 |c 357667  |d 357665 
952 |0 0  |1 0  |3 erb  |4 0  |6 264_000000000000000_CON_2014  |7 0  |8 A  |9 465699  |a BIBTEO  |b BIBTEO  |i 5122791  |o 264 CON 2014  |p 5122791  |r 2025-01-17  |w 2019-11-23  |y BK  |z Catalogado en:20141113  |k ICR 
952 |0 0  |1 0  |3 erb  |4 0  |6 264_000000000000000_CON_2014  |7 0  |8 A  |9 465700  |a BIBTEO  |b BIBTEO  |i 5122805  |o 264 CON 2014  |p 5122805  |r 2025-01-17  |w 2019-11-23  |y BK  |z Catalogado en:20141113  |k ICR 
952 |0 0  |1 0  |3 erb  |4 0  |6 264_000000000000000_CON_2014  |7 0  |8 A  |9 465701  |a BIBTEO  |b BIBTEO  |i 5122813  |o 264 CON 2014  |p 5122813  |r 2025-01-17  |w 2019-11-23  |y BK  |z Catalogado en:20141113  |k ICR 
952 |0 0  |1 0  |3 erb  |4 0  |6 264_000000000000000_CON_2014  |7 0  |8 A  |9 465702  |a BIBTEO  |b BIBTEO  |i 5122821  |o 264 CON 2014  |p 5122821  |r 2025-01-17  |w 2019-11-23  |y BK  |z Catalogado en:20141113  |k ICR 
952 |0 0  |1 0  |3 erb  |4 0  |6 264_000000000000000_CON_2014  |7 0  |8 A  |9 465703  |a BIBTEO  |b BIBTEO  |i 512283K  |o 264 CON 2014  |p 512283K  |r 2025-01-17  |w 2019-11-23  |y BK  |z Catalogado en:20141113  |k ICR 
952 |0 0  |1 0  |3 erb  |4 0  |6 264_000000000000000_CON_2014  |7 0  |8 A  |9 465704  |a BIBTEO  |b BIBTEO  |i 5122848  |o 264 CON 2014  |p 5122848  |r 2025-01-17  |w 2019-11-23  |y BK  |z Catalogado en:20141113  |k ICR